000 00569nji a22001817a 4500
005 20150701144614.0
007 dvd
008 150701b xxu||||| |||| 00| 0 eng d
010 _advd-008460-61
024 _c150.00
040 _adpl
245 _aChae Dost
260 _aMumai
_bChildren's Film Society
270 _aFilm Division Complex,24,Dr.G.Deshmukh Marg,Mumbai
300 _a1 dics(dvd)
942 _2ddc
_cCF
999 _c94596
_d94596